Medzinárodná špecializácia a kooperácia výroby /

Guardado en:
Detalles Bibliográficos
Autores principales: Filip, Jaroslav (Autor), Raček, Pavol (Autor)
Formato: Libro
Lenguaje:eslovaco
Publicado: Bratislava : Alfa, 1981
Materias:
Etiquetas: Agregar Etiqueta
Sin Etiquetas, Sea el primero en etiquetar este registro!

MARC

LEADER 00000nam a22000003a 4500
001 stu45275
005 20150617225715.7
008 960130s1981----cs------------------slo-d
040 |a STU  |b slo 
041 0 |a slo 
044 |a cs 
080 |a 338.33 
100 1 |a Filip, Jaroslav  |4 aut 
245 1 |a Medzinárodná špecializácia a kooperácia výroby /  |c [aut.]Pavol Raček, Jaroslav Filip 
260 |a Bratislava :  |b Alfa,  |c 1981 
300 |a 263 s 
650 7 |a výroba  |2 stusub 
650 7 |a kooperácia  |2 stusub 
650 7 |a špecializácia  |2 stusub 
700 1 |a Raček, Pavol  |4 aut 
996 |b 284M014823  |c M*6404-1  |l MMKN  |s A  |a 24  |w stu45275_0001